Calidad de vida en los trastornos mentales
-д хадгалсан:
| Үндсэн зохиолчид: | , , |
|---|---|
| Формат: | Ном |
| Хэл сонгох: | испани |
| Хэвлэсэн: |
Barcelona
Masson
2000
|
| Нөхцлүүд: | |
| Шошгууд: |
Шошго нэмэх
Шошго байхгүй, Энэхүү баримтыг шошголох эхний хүн болох!
|
MARC
| LEADER | 00000nam a2200000 a 4500 | ||
|---|---|---|---|
| 001 | UCM1784 | ||
| 003 | CL-VaPUC | ||
| 008 | 020412e20000000SP |||||||||||||||||spa|d | ||
| 082 | 0 | 4 | |a 616.89 |b KAT |2 21 |
| 100 | 0 | |a Katschnig, Heinz |e author |9 468646 | |
| 700 | 0 | |a Freeman, Hugh |e author |9 468647 | |
| 700 | 0 | |a Sartorius, Norman |e author |9 468648 | |
| 245 | 1 | 0 | |a Calidad de vida en los trastornos mentales |
| 300 | |a 375 p | ||
| 942 | |c BK | ||
| 945 | |d 20020412 00:00:00 |a cmena | ||
| 260 | |a Barcelona |b Masson |c 2000 | ||
| 650 | 0 | |a Trastornos mentales |x Calidad de vida |9 468649 | |
| 650 | 0 | |a Psicoterapia |x Calidad de vida |9 468650 | |
| 650 | 7 | |a TRASTORNOS MENTALES - PROBLEMAS SOCIALES |2 CL-VaPUC |9 468651 | |
| 583 | |a last modification |c 20020412 00:00:00 |k Rodrigo Vera | ||
| 999 | |c 300023 |d 300021 | ||
| 952 | |0 0 |1 0 |4 0 |6 616_890000000000000_KAT_2000 |7 0 |8 R |9 357296 |a BIBGIM |b BIBGIM |d 2019-11-21 |i 3800105 |o 616.89 KAT 2000 |p 3800105 |r 2025-01-15 |w 2019-11-21 |y BK_R |k SSL | ||